| 000 | 00558nam a22001817a 4500 | ||
|---|---|---|---|
| 003 | OSt | ||
| 005 | 20251024014952.0 | ||
| 008 | 251013b |||||||| |||| 00| 0 eng d | ||
| 020 | _a978-1-59311-780-1. | ||
| 040 |
_aDWCL-Main lib _cOC |
||
| 082 | _aCirc. 379.158 S785 2007 | ||
| 245 | _aStandards in education | ||
| 260 |
_aCharlotte, NC. : _bInformation page Pub., Inc., _cc2007. |
||
| 300 |
_avi, 354 pages : _billustration ; _c24 cm. |
||
| 504 | _aIncludes bibliographical references. | ||
| 650 | _21. Education-Standards. | ||
| 942 |
_2ddc _cBK-CIRC _kCirc. _n0 |
||
| 999 |
_c4846 _d4846 |
||